Piłkarska kariera Didiera Deschampsa - Statystyki

Ogólne statystyki
  • Ten quiz został rozwiązany 17 razy
  • Średni wynik to 3 z 7
Statystyki odpowiedzi
Lata Drużyna % Poprawnych
1994-1999 Juventus
94%
1989-1990 Olympique Marsylia
50%
1991-1994 Olympique Marsylia
50%
1999-2000 Chelsea
38%
1990-1991 Bordeaux
19%
1985-1989 Nantes
19%
2000-2001 Valencia
19%
Nie znaleziono quizów pasujących do podanych kryteriów
Rozkład punktacji
Procent ludzi z każdym wynikiem
Percentyl według liczby udzielonych odpowiedzi
Twoja historia wyników
Nie rozwiązałeś tego quizu